MARC details
| 000 -LEADER |
| fixed length control field |
01340nam a2200313 a 4500 |
| 001 - CONTROL NUMBER |
| control field |
2272 |
| 003 - CONTROL NUMBER IDENTIFIER |
| control field |
BD-DhEWU |
| 005 - DATE AND TIME OF LATEST TRANSACTION |
| control field |
20140319111712.0 |
| 008 - FIXED-LENGTH DATA ELEMENTS--GENERAL INFORMATION |
| fixed length control field |
110604s1999 ii g 001 0 eng d |
| 035 ## - SYSTEM CONTROL NUMBER |
| System control number |
(OCoLC)43852564 |
| 040 ## - CATALOGING SOURCE |
| Original cataloging agency |
BD-DhEWU |
| Modifying agency |
BD-DhEWU |
| Language of cataloging |
eng |
| Transcribing agency |
BD-DhEWU |
| 041 ## - LANGUAGE CODE |
| Language code of text/sound track or separate title |
eng |
| 082 04 - DEWEY DECIMAL CLASSIFICATION NUMBER |
| Classification number |
346.048654 |
| Item number |
VAB 1999 |
| 100 1# - MAIN ENTRY--PERSONAL NAME |
| Personal name |
Vashishth, Vikas . |
| 9 (RLIN) |
5940 |
| 245 10 - TITLE STATEMENT |
| Title |
Bharat's law and practice of intellectual property in India / |
| Statement of responsibility, etc |
Vikas Vashishth, V.K. Agarwal. |
| 250 ## - EDITION STATEMENT |
| Edition statement |
1st ed. |
| 260 ## - PUBLICATION, DISTRIBUTION, ETC. (IMPRINT) |
| Place of publication, distribution, etc |
New Delhi : |
| Name of publisher, distributor, etc |
Bharat Law House, |
| Date of publication, distribution, etc |
1999. |
| 300 ## - PHYSICAL DESCRIPTION |
| Extent |
767 p. ; |
| Other physical details |
25 cm. |
| 500 ## - GENERAL NOTE |
| General note |
Online version:<br/>India.<br/>Bharat's law & practice of intellectual property in India.<br/>New Delhi : Bharat Law House, 1999<br/>(OCoLC)606603813<br/>Online version:<br/>India.<br/>Bharat's law & practice of intellectual property in India.<br/>New Delhi : Bharat Law House, 1999<br/>(OCoLC)608585903 |
| 504 ## - BIBLIOGRAPHY, ETC. NOTE |
| Bibliography, etc |
Includes bibliographical references and index. |
| 520 ## - SUMMARY, ETC. |
| Summary, etc |
Subject compilation of laws. |
| 526 ## - STUDY PROGRAM INFORMATION NOTE |
| Program name |
ICE |
| 590 ## - LOCAL NOTE (RLIN) |
| Local note |
Saifun Momota |
| 650 #0 - SUBJECT ADDED ENTRY--TOPICAL TERM |
| Topical term or geographic name as entry element |
Intellectual property -- India. |
| 9 (RLIN) |
5941 |
|
| Topical term or geographic name as entry element |
Intellectual property. |
| 9 (RLIN) |
5942 |
| 700 1# - ADDED ENTRY--PERSONAL NAME |
| Personal name |
Agarwal V.K. |
| 9 (RLIN) |
5943 |
| 856 ## - ELECTRONIC LOCATION AND ACCESS |
| Materials specified |
WorldCat details |
| Uniform Resource Identifier |
http://www.worldcat.org/title/bharats-law-practice-of-intellectual-property-in-india/oclc/43852564&referer=brief_results |
| 942 ## - ADDED ENTRY ELEMENTS (KOHA) |
| Koha item type |
Text |
| Source of classification or shelving scheme |
Dewey Decimal Classification |